Normal view
MARC view
Entry Topical Term
001 - CONTROL NUMBER
- control field: 1111
003 - CONTROL NUMBER IDENTIFIER
- control field: OSt
005 - DATE AND TIME OF LATEST TRANSACTION
- control field: 20110413134529.0
008 - FIXED-LENGTH DATA ELEMENTS
- fixed length control field: 110413|||a|||||| | ||| d
040 ## - CATALOGING SOURCE
- Original cataloging agency: OSt
- Transcribing agency: OSt
150 ## - HEADING--TOPICAL TERM
- Topical term or geographic name as entry element: Severance pay
- General subdivision: Law and legislation
- Geographic subdivision: Great Britain.
670 ## - SOURCE DATA FOUND
- Source citation: Work cat.: (OSt)0: Waddy, Dorothy Knight, 1908-1970. 1109, Dix on contracts of employment:, 1972.
